Регионална библиотека "Любен Каравелов" - Русе

Приключенията на мистър Томпкинс (Запис номер 59224)

MARC детайли
000 -Лидер
Контролно поле с фиксирана дължина 01403nam a2200373 c 4500
003 - Код на организацията, давaща контролен номер
Контролно поле BLK
005 - Дата и час на последна редакция
Контролно поле 20240626092500.0
008 - Елементи от данни с фиксирана дължина
fixed length control field 180408b bul|||||r ||||||| ||bul||
010 ## - Наследен системен номер
LC control number KNG00063310000
040 ## - Източник на каталожния запис
Идентификатор на билиотеката - собственик на записа BLK
041 ## - Код за език
Код за езика на текст/звукозапис или на отделно заглавие Български
Код за езика КДБФ Български
080 ## - УДК
Текстов определител УДК Физика
УДК код - определител по УДК 53
УДК определител
УДК - код + определител 53
100 1# - Редна дума - Автор
Автор Гамов, Джордж
Авторска отговорност първи автор
R(LIN) 50856
139 ## - Редно поле
Редна дума Гамов, Джордж
Авторски знак Гал - Г 18
245 10 - Сведения за заглавието
Заглавие Приключенията на мистър Томпкинс
Подзаглавни данни Научнопопул. четиво за съвр. физика
Редно поле (дума) Джордж Гамов; прев. от англ. Росен Янков.
257 ## - Страна на издаване
Страна на създаване/издаване Великобритания
260 ## - Област на издателските данни
-- София
Име на издателя, разпространителя и проч. Наука и изкуство
Година на издаване 1989
300 ## - Физическа характеристика
Страници 247 с.
Размери/Мащаб 17 см
380 ## - Жанр
Жанр Естествени науки. Математика
500 ## - Общи забележки
Забележка Ориг. загл. Mr Tompkins in Paperback / G. Gamow.
650 #4 - Допълнително описание по предмет – тема
Основно описание – тема или топоним Физика
9 (RLIN) 175234
650 #4 - Допълнително описание по предмет – тема
Основно описание – тема или топоним Квантова механика
9 (RLIN) 273989
650 #4 - Допълнително описание по предмет – тема
Основно описание – тема или топоним Теория на относителността
9 (RLIN) 251037
653 ## - Ключова дума – ненормативна
Ключова дума физика
653 ## - Ключова дума – ненормативна
Ключова дума квантова механика
653 ## - Ключова дума – ненормативна
Ключова дума теория на относителността
700 1# - Други автори (авторска отговорност)
Лично име Янков, Росен
Автороска отговорност (Описва отношението между автора и произведението) прев. от англ.
9 (RLIN) 288787
852 ## - Местоположение
Форматна сигнатура Цб І 24522
856 4# - Електронен адрес и достъп
Електронен формат pdf - файл
Път до файла /url/
856 4# - Електронен адрес и достъп
Електронен формат pdf - файл
Път до файла /url/
942 ## - АРТИКУЛИ
Вид на библиотечния материал Книги
Скрит в OPAC Не
Koha issues (borrowed), all copies 3
944 ## - СЪЗДАВАНЕ И РЕДАКЦИЯ на ЗАПИСА
Създаване/Редакция Създаване
Дата на регистрацията/редакция 13.06.2004
Служител, извършил регистрацията/редакцията 30576
Статус, дата на статуса Цветомила Тодорова
944 ## - СЪЗДАВАНЕ И РЕДАКЦИЯ на ЗАПИСА
Създаване/Редакция Редакция
Дата на регистрацията/редакция 05.09.2008
Служител, извършил регистрацията/редакцията
999 ## - СИСТЕМНИ КОНТРОЛНИ НОМЕРА
Koha biblionumber 59224
Koha biblioitemnumber 59224
Наличности
Код за отписване Код за изгубен артикул Източник на класификационната схема Код за повреда Коз за рестрикции Код за отдаване Артикулен № Име на библиотеката - собственик Име на библиотеката, в която се намира в момента Статус (Текущо местоположение) Дата на вписване в системата Местоположение - отдел Цена в лева Инвентарен номер Систематично азбучна сигнатура Баркод Номер на екземпляра Цена в евро Служебна бележка Служебен тип на артикула
  Не е изгубен Universal Decimal Classification Не е повреден само за читалня ползва се в читалня 96487 Регионална библиотека "Любен Каравелов" Русе Регионална библиотека "Любен Каравелов" Русе Хранилище 1989-01-01 Хранилище 2.06 525001 Цб І 24522 120000525001 1 1.05 Дост: Dp Вид: Д N: стар фонд Дата: 01.01.1989 Книги
Изтеглен Не е изгубен Universal Decimal Classification Не е повреден без рестрикции заемане за дома 96488 Регионална библиотека "Любен Каравелов" Русе Регионална библиотека "Любен Каравелов" Русе Заемна - подръчен фонд 1989-01-01 Заемна - подръчен фонд 2.06 532313 П 53/Г 18 532313 2 1.05 Дост: Pk Вид: Ф N: стар фонд Дата: 01.01.1989 Книги
  Не е изгубен Universal Decimal Classification Не е повреден без рестрикции заемане за дома 96489 Регионална библиотека "Любен Каравелов" Русе Регионална библиотека "Любен Каравелов" Русе Заемна - подръчен фонд 1989-01-01 Заемна - подръчен фонд 2.06 532314 П 53/Г 18 120000532314 3 1.05 Дост: Pk Вид: Ф N: стар фонд Дата: 01.01.1989 Дата инв: 02.02.2018 Бележки инв: П2018 Книги
Vip Innovations Ltd, Rousse, Bulgaria 2025